| 000 | 00332 a2200133 4500 | ||
|---|---|---|---|
| 003 | Nust | ||
| 005 | 20170207154019.0 | ||
| 040 | _cNust | ||
| 100 | _aPeter Litwinowicz | ||
| 245 |
_aProcessing Images and Video for An Impressionist Effect (E-Book) _cPeter Litwinowicz |
||
| 260 | _bApple Computer, Inc. | ||
| 300 | _a9.p | ||
| 651 | _aE-Book | ||
| 942 |
_2ddc _cBK |
||
| 999 |
_c191602 _d191602 |
||